00378nam a2200193Ia 4500003000900000008004100009040001300050040001300063041000800076100001600084245001800100250000900118260001200127260000900139300001100148300000900159300001000168490000600178IT-RoPAU120407s9999 xx 000 0 und d aIT-RoPAU cIT-RoPAU aita aEmma Amadei aRoma turrita. aRoma aPalombi c1943 a224 p. bTav. c25 cm v1